LEADER 01956nam 2200601Ia 450 001 9910450739203321 005 20200520144314.0 010 $a0-7914-8625-7 010 $a1-4175-3619-5 035 $a(CKB)1000000000447639 035 $a(OCoLC)61367797 035 $a(CaPaEBR)ebrary10594848 035 $a(SSID)ssj0000231939 035 $a(PQKBManifestationID)11190998 035 $a(PQKBTitleCode)TC0000231939 035 $a(PQKBWorkID)10207871 035 $a(PQKB)11226727 035 $a(MiAaPQ)EBC3408520 035 $a(OCoLC)56408535 035 $a(MdBmJHUP)muse6060 035 $a(Au-PeEL)EBL3408520 035 $a(CaPaEBR)ebr10594848 035 $a(EXLCZ)991000000000447639 100 $a20021107d2003 ub 0 101 0 $aeng 135 $aurcn||||||||| 181 $ctxt 182 $cc 183 $acr 200 10$aRace in the jury box$b[electronic resource] $eaffirmative action in jury selection /$fHiroshi Fukurai and Richard Krooth 210 $aAlbany, NY $cState University of New York Press$dc2003 215 $a1 online resource (289 p.) 225 0 $aSUNY series in new directions in crime and justice studies 300 $aBibliographic Level Mode of Issuance: Monograph 311 $a0-7914-5837-7 320 $aIncludes bibliographical references (p. 249-264) and index. 606 $aJury selection$zUnited States 606 $aRace discrimination$xLaw and legislation$zUnited States 606 $aCriminal procedure$zUnited States 608 $aElectronic books. 615 0$aJury selection 615 0$aRace discrimination$xLaw and legislation 615 0$aCriminal procedure 676 $a347.73/752 700 $aFukurai$b Hiroshi$f1954-$0852267 701 $aKrooth$b Richard$01052905 801 0$bMiAaPQ 801 1$bMiAaPQ 801 2$bMiAaPQ 906 $aBOOK 912 $a9910450739203321 996 $aRace in the jury box$92484446 997 $aUNINA LEADER 00851nam a2200253 i 4500 001 991003299129707536 005 20020509115724.0 008 940312s1993 it ||| | ita 020 $a8815041001 035 $ab11140161-39ule_inst 035 $aPARLA179187$9ExL 040 $aDip.to Filosofia$bita 100 1 $aBalducci, Diego$064899 245 12$aL'industria della scienza /$cDiego Balducci 260 $aBologna :$bIl Mulino,$cc1993 300 $a374 p. ;$c22 cm. 490 0 $aFondazione Marino Golinelli 650 4$aScienza 907 $a.b11140161$b23-02-17$c28-06-02 912 $a991003299129707536 945 $aLE005 MF 37 G 20$g1$i2005000205224$lle005$o-$pE0.00$q-$rl$s- $t0$u0$v0$w0$x0$y.i1127993x$z28-06-02 996 $aIndustria della scienza$9871624 997 $aUNISALENTO 998 $ale005$b01-01-94$cm$da $e-$fita$git $h2$i1